| 000 | 00855 a2200217 4500 | ||
|---|---|---|---|
| 020 | _a067974617X | ||
| 040 |
_aDLC _bDLC |
||
| 082 | 0 | 0 | _a428.2 |
| 245 | 0 | 0 |
_aGrammar smart :a guide to perfect usage _cthe staff of the Princeton Review. |
| 246 | 3 | _aPrinceton Review, grammar smart | |
| 250 | _a1st ed. | ||
| 260 |
_aNew York : _bVillard Books, _c1993. |
||
| 300 |
_axix, 200 p. ; _c23 cm. |
||
| 500 | _aAt head of title: The Princeton Review. | ||
| 650 | 0 |
_aEnglish language _xGrammar _xHandbooks, manuals, etc. |
|
| 650 | 0 |
_aEnglish language _xUsage _xHandbooks, manuals, etc. |
|
| 710 | 2 | _aPrinceton Review (Firm) | |
| 856 | 4 | 2 |
_3Contributor biographical information _uhttp://www.loc.gov/catdir/bios/random057/93022095.html |
| 856 | 4 | 2 |
_3Publisher description _uhttp://www.loc.gov/catdir/description/random045/93022095.html |
| 942 |
_cBK _k428.2 STA _2ddc |
||
| 999 |
_c7452 _d7452 |
||